| 000 | 01986nam a2200421 i 4500 | ||
|---|---|---|---|
| 001 | 197038 | ||
| 003 | ES-MaACL | ||
| 005 | 20250812063139.0 | ||
| 008 | 250317s2014 sp a | ||||o001 0dspa | ||
| 015 | _aMON14 | ||
| 017 |
_aM 26553-2014 _bOficina Depósito Legal Madrid |
||
| 020 | _a9788494157370 | ||
| 035 | _a(OCoLC)903105187 | ||
| 035 | _a(SpMaBN)a5598892 | ||
| 040 |
_aSpMaBN _bspa _cSpMaBN _erdc |
||
| 080 | _a77"18"(060.64) | ||
| 080 | _a77.041.5(060.64) | ||
| 080 | _a929(460)"18"(0:77)(060.64) | ||
| 240 | 1 | 0 | _aPedro Antonio de Alarcón |
| 245 | 1 | 0 |
_aPedro Antonio de Alarcón : _bimágenes para la memoria y recuerdos de Almería, su colección de cartes de visite : [Patio de Luces de la Diputación de Almería, del 2 al 28 de octubre de 2014] / _c[comisario, Juan Antonio Yeves Andrés]. |
| 260 |
_aMadrid : _bFundación Lázaro Galdiano [etc.], _cimp. 2014. |
||
| 300 |
_a323 páginas : _bprincipalmente ilustrado a color y blanco y negro ; _c21 x 21 cm. |
||
| 336 |
_aImagen (fija ; bidimensional ; visual) _aTexto (visual) _2isbdcontent |
||
| 337 |
_asin mediación _2isbdmedia |
||
| 338 |
_2rdacarrier _avolumen |
||
| 504 | _aIncluye referencias bibliográficas e índice | ||
| 600 | 1 | 4 |
_919134 _aAlarcón, Pedro Antonio de, _d1833-1891 |
| 650 | 1 | 0 |
_aPersonas célebres- _xRetratos- _vExposiciones _2embne _9239850 |
| 650 | 0 |
_aFotografía de retrato- _vExposiciones _9239851 |
|
| 700 |
_aYeves Andrés, Juan Antonio _9239852 _epbl |
||
| 710 | 0 |
_aAlmería (Provincia). _bDiputación _91339 |
|
| 852 |
_aES-MaACL _cDEPOJ _jN-10400 _gDedicatoria autógrafa de Juan Antonio Yeves Andrés _hDonación: Juan Antonio Yeves Andrés _xEncuadernación rústica con solapas _9206522 |
||
| 903 |
_9239852 _aYeves Andrés, Juan Antonio _ednr |
||
| 942 |
_cMONOGRAFIA _n0 |
||
| 999 |
_c197038 _d197038 |
||